[Event "Chigorin Memorial 20th"]
[Site "St Petersburg"]
[Date "2012.11.03"]
[Round "8"]
[White "Kholova, Elena"]
[Black "Chernyak, Viktoria"]
[Result "0-1"]
[WhiteElo "1736"]
[BlackElo "1939"]
[PlyCount "58"]
[EventDate "2012.10.27"]
[EventType "swiss"]
[EventRounds "9"]
[EventCountry "RUS"]
[SourceTitle "EXT 2013"]
[Source "ChessBase"]
[SourceDate "2012.11.22"]
[SourceVersion "1"]
[SourceVersionDate "2012.11.22"]
[SourceQuality "1"]

1. Nf3 Nf6 2. c4 g6 3. Nc3 Bg7 4. e4 d6 5. d4 0-0 6. Be2 c5 7. 0-0 cxd4 8. Nxd4 Nc6 9. Be3 Bd7 10. Rb1 Rc8 11. Nxc6 Bxc6 12. f3 b6 13. Nd5 Qd7 14. b4 Nxd5 15. exd5 Bb7 16. a4 e6 17. dxe6 Qxe6 18. Bf2 Ba6 19. b5 Bb7 20. Bd3 d5 21. Re1 Qf6 22. cxd5 Bxd5 23. Bxg6 Rfd8 24. Bd3 Bc4 25. Re3 Qd6 26. Bc2 Bd4 27. Re8+ Rxe8 28. Bxd4 Be2 29. Qd2 Rxc2 0-1

[Event "Chigorin Memorial 20th"]
[Site "St Petersburg"]
[Date "2012.11.01"]
[Round "6"]
[White "Shagdurov, Denis"]
[Black "Kholova, Elena"]
[Result "1-0"]
[WhiteElo "1890"]
[BlackElo "1736"]
[PlyCount "43"]
[EventDate "2012.10.27"]
[EventType "swiss"]
[EventRounds "9"]
[EventCountry "RUS"]
[SourceTitle "EXT 2013"]
[Source "ChessBase"]
[SourceDate "2012.11.22"]
[SourceVersion "1"]
[SourceVersionDate "2012.11.22"]
[SourceQuality "1"]

1. e4 c6 2. d4 d5 3. e5 Bf5 4. h4 h5 5. Bg5 Qb6 6. Bd3 Bxd3 7. Qxd3 Qxb2 8. e6 Qxa1 9. Qb3 Qxd4 10. Qxb7 fxe6 11. Qxa8 Qb6 12. Nd2 Kf7 13. Ngf3 Qc7 14. 0-0 c5 15. Be3 Nd7 16. Ng5+ Kf6 17. Qe8 Nh6 18. Qxh5 Qe5 19. Nh7+ Rxh7 20. Bg5+ Kf5 21. Bxe7+ Kf4 22. g3# 1-0

[Event "Chigorin Memorial 20th"]
[Site "St Petersburg"]
[Date "2012.10.30"]
[Round "4"]
[White "Kiseleva, Arina"]
[Black "Kholova, Elena"]
[Result "1-0"]
[WhiteElo "1939"]
[BlackElo "1736"]
[PlyCount "57"]
[EventDate "2012.10.27"]
[EventType "swiss"]
[EventRounds "9"]
[EventCountry "RUS"]
[SourceTitle "EXT 2013"]
[Source "ChessBase"]
[SourceDate "2012.11.22"]
[SourceVersion "1"]
[SourceVersionDate "2012.11.22"]
[SourceQuality "1"]

1. Nf3 d5 2. g3 Nf6 3. Bg2 Bg4 4. 0-0 e6 5. c4 c6 6. d3 Be7 7. cxd5 cxd5 8. Qb3 Qc8 9. Bf4 Nc6 10. Nbd2 0-0 11. h3 e5 12. Bxe5 Nxe5 13. Nxe5 Bxh3 14. Kh2 Bxg2 15. Kxg2 Qe6 16. Nef3 a5 17. a4 Bb4 18. e3 Qa6 19. Rfd1 Rac8 20. Nd4 Rc7 21. Nb5 Rc5 22. Nf3 Rfc8 23. Nfd4 Ng4 24. Rh1 Qf6 25. Raf1 Bd2 26. Qd1 Bxe3 27. Qxg4 Bc1 28. Qf5 Qxf5 29. Nxf5 1-0

[Event "Chigorin Memorial 20th"]
[Site "St Petersburg"]
[Date "2012.10.28"]
[Round "2"]
[White "Kholova, Elena"]
[Black "Lobanov, Sergei"]
[Result "0-1"]
[WhiteElo "1736"]
[BlackElo "2081"]
[PlyCount "54"]
[EventDate "2012.10.27"]
[EventType "swiss"]
[EventRounds "9"]
[EventCountry "RUS"]
[SourceTitle "EXT 2013"]
[Source "ChessBase"]
[SourceDate "2012.11.22"]
[SourceVersion "1"]
[SourceVersionDate "2012.11.22"]
[SourceQuality "1"]

1. Nf3 Nf6 2. c4 c5 3. g3 g6 4. Bg2 Bg7 5. Nc3 0-0 6. 0-0 Nc6 7. d4 cxd4 8. Nxd4 Nxd4 9. Qxd4 d6 10. e4 Be6 11. Qd3 Rc8 12. Nd5 Nd7 13. f4 Nb6 14. f5 Bxd5 15. cxd5 Nc4 16. Rb1 Qa5 17. Bg5 Rc7 18. Rfc1 Rfc8 19. b3 Ne5 20. Rxc7 Qxc7 21. Qd2 Ng4 22. Bf3 Qc5+ 23. Kg2 gxf5 24. exf5 Qc2 25. Bxg4 Qxb1 26. Bd1 Qxf5 27. Bxe7 Qe4+ 0-1

[Event "St Petersburg Botvinnik Memorial op"]
[Site "St Petersburg"]
[Date "2012.08.31"]
[Round "7"]
[White "Kholova, Elena"]
[Black "Oxener, Aldo"]
[Result "1-0"]
[WhiteElo "1753"]
[BlackElo "1513"]
[PlyCount "119"]
[EventDate "2012.08.25"]
[EventType "swiss"]
[EventRounds "9"]
[EventCountry "RUS"]
[SourceTitle "CBM 150 Extra"]
[Source "ChessBase"]
[SourceDate "2012.10.19"]
[SourceVersion "1"]
[SourceVersionDate "2012.10.19"]
[SourceQuality "1"]

1. d4 d5 2. Nf3 Nf6 3. e3 Bg4 4. Bd3 e6 5. Nbd2 Nc6 6. a3 Bd6 7. 0-0 0-0 8. b3 e5 9. dxe5 Bxe5 10. Rb1 Bc3 11. Be2 Qd6 12. b4 Rfe8 13. Bb2 Bxb2 14. Rxb2 Rad8 15. Nd4 Bxe2 16. Nxe2 Ng4 17. Ng3 Qf6 18. Rb1 Nce5 19. h3 Nh6 20. Nf3 Nc4 21. Rb3 Qd6 22. Qd4 a5 23. Rd1 c6 24. bxa5 Nxa5 25. Rbd3 Qc7 26. Qh4 f6 27. Qb4 b5 28. a4 bxa4 29. Qxa4 Nc4 30. Rb3 Ra8 31. Qb4 Ra2 32. c3 Rea8 33. Qb7 Qxb7 34. Rxb7 Rc2 35. Rb3 Raa2 36. Nh1 Nf5 37. Nd4 Nfxe3 38. Nxc2 Nxc2 39. Rb8+ Kf7 40. Ng3 Kg6 41. Rc8 Ra6 42. Ne2 N2a3 43. Nd4 Na5 44. Ra1 N3c4 45. Nb3 Kf5 46. Nxa5 Nxa5 47. Ra4 g5 48. g4+ Kg6 49. Rc7 Ra8 50. Rxc6 Nxc6 51. Rxa8 h6 52. Rc8 Ne7 53. Rd8 Kf7 54. Kg2 Ke6 55. Rh8 Ke5 56. Rxh6 f5 57. f3 fxg4 58. hxg4 Nc8 59. Rg6 Kf4 60. Rf6+ 1-0

[Event "St Petersburg Botvinnik Memorial op"]
[Site "St Petersburg"]
[Date "2012.08.30"]
[Round "6"]
[White "Bykova, Anastasia"]
[Black "Kholova, Elena"]
[Result "1-0"]
[WhiteElo "2013"]
[BlackElo "1753"]
[PlyCount "55"]
[EventDate "2012.08.25"]
[EventType "swiss"]
[EventRounds "9"]
[EventCountry "RUS"]
[SourceTitle "CBM 150 Extra"]
[Source "ChessBase"]
[SourceDate "2012.10.19"]
[SourceVersion "1"]
[SourceVersionDate "2012.10.19"]
[SourceQuality "1"]

1. d4 Nf6 2. Nf3 b6 3. Bf4 Bb7 4. e3 c5 5. c3 e6 6. h3 Be7 7. Be2 0-0 8. 0-0 d6 9. Nbd2 Nbd7 10. a4 a5 11. Bh2 Ne4 12. Nxe4 Bxe4 13. dxc5 dxc5 14. Bb5 Ra7 15. Nd2 Ba8 16. Nc4 Nf6 17. Qxd8 Bxd8 18. Bd6 Be7 19. Bxe7 Rxe7 20. Nxb6 Bd5 21. Nxd5 Nxd5 22. Rfd1 f5 23. Rd2 Kf7 24. Rad1 Rc7 25. Bc4 Nf6 26. Rd6 Re7 27. Ra6 Rb8 28. Bb5 1-0

[Event "St Petersburg Botvinnik Memorial op"]
[Site "St Petersburg"]
[Date "2012.08.27"]
[Round "3"]
[White "Kholova, Elena"]
[Black "Shirokov, Alexander"]
[Result "0-1"]
[WhiteElo "1753"]
[BlackElo "1972"]
[PlyCount "74"]
[EventDate "2012.08.25"]
[EventType "swiss"]
[EventRounds "9"]
[EventCountry "RUS"]
[SourceTitle "CBM 150 Extra"]
[Source "ChessBase"]
[SourceDate "2012.10.19"]
[SourceVersion "1"]
[SourceVersionDate "2012.10.19"]
[SourceQuality "1"]

1. d4 d6 2. Nf3 Nf6 3. Nbd2 g6 4. e4 Bg7 5. Bd3 0-0 6. 0-0 Nbd7 7. Re1 e5 8. c3 Qe7 9. Nf1 Rd8 10. Qc2 b6 11. a4 a6 12. b4 Bb7 13. Bb2 Nh5 14. Qb3 Nf4 15. Bc4 Nf6 16. Ng5 Rf8 17. dxe5 dxe5 18. Ba3 Ne8 19. h4 Nd6 20. b5 axb5 21. axb5 Rxa3 22. Qxa3 Qd7 23. Qa2 h6 24. Nf3 Bxe4 25. N1d2 Qg4 26. Bf1 Nh3+ 27. Kh2 Nxf2 28. Nxe4 Ndxe4 29. Rxe4 Nxe4 30. Qc4 Qg3+ 31. Kg1 Nc5 32. Ra7 e4 33. Nd4 Be5 34. Be2 Qh2+ 35. Kf1 Bg3 36. Bg4 Qh1+ 37. Ke2 Qe1# 0-1

[Event "St Petersburg Blockade op"]
[Site "St Petersburg"]
[Date "2012.01.08"]
[Round "6"]
[White "Kholova, Elena"]
[Black "Khatenever, Feliks"]
[Result "1/2-1/2"]
[WhiteElo "1743"]
[BlackElo "1870"]
[PlyCount "120"]
[EventDate "2012.01.03"]
[EventType "swiss"]
[EventRounds "9"]
[EventCountry "RUS"]
[SourceTitle "EXT 2014"]
[Source "ChessBase"]
[SourceDate "2013.11.20"]
[SourceVersion "1"]
[SourceVersionDate "2013.11.20"]
[SourceQuality "1"]

1. d4 Nf6 2. Nf3 g6 3. Nbd2 d5 4. g3 Bg7 5. Bg2 0-0 6. 0-0 c6 7. c4 Nbd7 8. cxd5 cxd5 9. b3 Qb6 10. Bb2 a5 11. Ne5 e6 12. Ndf3 Ne4 13. Nxd7 Bxd7 14. Ne5 Bc6 15. Nxc6 Qxc6 16. Rc1 Qd6 17. Qc2 Nf6 18. Qc7 Qxc7 19. Rxc7 b5 20. Rfc1 b4 21. f3 Rfd8 22. Kf2 Ne8 23. R7c6 Nd6 24. e3 h5 25. Bf1 Bf6 26. a4 Kg7 27. Ba6 Ra7 28. R1c5 Rdd7 29. Rxa5 h4 30. Rac5 hxg3+ 31. hxg3 Rd8 32. g4 Bh4+ 33. Ke2 Ne8 34. Bb5 Be7 35. Rc2 Nd6 36. Rc7 Nxb5 37. axb5 Rxc7 38. Rxc7 Bd6 39. Rc6 Kf6 40. e4 Ke7 41. e5 Bb8 42. Bc1 Kd7 43. Bd2 Rh8 44. Bxb4 Rh2+ 45. Ke3 g5 46. Bd6 Bxd6 47. Rxd6+ Kc7 48. b6+ Kb7 49. Rd7+ Kxb6 50. Rxf7 Rb2 51. Rf6 Rxb3+ 52. Ke2 Kb5 53. Rxe6 Kc4 54. Rg6 Kxd4 55. Rxg5 Rb2+ 56. Kf1 Ke3 57. e6 Rb6 58. e7 Re6 59. Rxd5 Kxf3 60. g5 Rxe7 1/2-1/2

[Event "St Petersburg Blockade op"]
[Site "St Petersburg"]
[Date "2012.01.07"]
[Round "5"]
[White "Bekhovskiy, Mikhail"]
[Black "Kholova, Elena"]
[Result "1-0"]
[WhiteElo "1874"]
[BlackElo "1743"]
[PlyCount "51"]
[EventDate "2012.01.03"]
[EventType "swiss"]
[EventRounds "9"]
[EventCountry "RUS"]
[SourceTitle "EXT 2014"]
[Source "ChessBase"]
[SourceDate "2013.11.20"]
[SourceVersion "1"]
[SourceVersionDate "2013.11.20"]
[SourceQuality "1"]

1. d4 d5 2. Nf3 Nf6 3. Bf4 Bf5 4. c4 c6 5. Qb3 Qb6 6. c5 Qxb3 7. axb3 Nbd7 8. e3 e6 9. b4 a6 10. Nc3 Rc8 11. h3 h6 12. Be2 Ne4 13. Nd2 g5 14. Bh2 Ndf6 15. Ncxe4 Nxe4 16. Nb3 Rd8 17. g4 Bg6 18. Be5 f6 19. Bh2 h5 20. gxh5 Bxh5 21. f3 Bxf3 22. Bxf3 Rxh3 23. Ke2 f5 24. Bxe4 dxe4 25. Be5 Rf3 26. Nd2 1-0

[Event "St Petersburg White Nights op"]
[Site "St Petersburg"]
[Date "2011.06.12"]
[Round "6"]
[White "Popov, Alexei"]
[Black "Kholova, Elena"]
[Result "1-0"]
[WhiteElo "1644"]
[BlackElo "1769"]
[PlyCount "39"]
[EventDate "2011.06.07"]
[EventType "swiss"]
[EventRounds "9"]
[EventCountry "RUS"]
[SourceTitle "EXT 2012"]
[Source "ChessBase"]
[SourceDate "2011.11.24"]
[SourceVersion "1"]
[SourceVersionDate "2011.11.24"]
[SourceQuality "1"]

1. e4 c6 2. d4 d5 3. Nc3 dxe4 4. Nxe4 Nf6 5. Nxf6+ gxf6 6. Bc4 Bf5 7. Nf3 Qc7 8. 0-0 e6 9. Nh4 Bg6 10. Re1 Bd6 11. Qf3 Nd7 12. Bxe6 fxe6 13. Rxe6+ Kf7 14. Qb3 Kg7 15. Bf4 Bxf4 16. Re7+ Kh6 17. Qh3 Qa5 18. Nf5+ Kg5 19. Qh4+ Kxf5 20. g4# 1-0

[Event "St Petersburg White Nights op"]
[Site "St Petersburg"]
[Date "2011.06.11"]
[Round "5"]
[White "Kholova, Elena"]
[Black "Tarasov, Ilya"]
[Result "0-1"]
[WhiteElo "1769"]
[BlackElo "2001"]
[PlyCount "176"]
[EventDate "2011.06.07"]
[EventType "swiss"]
[EventRounds "9"]
[EventCountry "RUS"]
[SourceTitle "EXT 2012"]
[Source "ChessBase"]
[SourceDate "2011.11.24"]
[SourceVersion "1"]
[SourceVersionDate "2011.11.24"]
[SourceQuality "1"]

1. d4 Nf6 2. Nf3 d6 3. Nbd2 Nbd7 4. e4 e5 5. c3 Be7 6. Bd3 c6 7. 0-0 0-0 8. Re1 Qc7 9. Nf1 Re8 10. h3 Nf8 11. Qc2 h6 12. Be3 Ng6 13. Ng3 Bf8 14. b4 Be6 15. c4 exd4 16. Nxd4 Ne5 17. Be2 c5 18. Nxe6 fxe6 19. bxc5 dxc5 20. f4 Nc6 21. e5 Nd7 22. Qg6 Ndxe5 23. fxe5 Nxe5 24. Qe4 Bd6 25. Nh5 Rf8 26. Rf1 Rab8 27. Nf4 Rf6 28. Nd3 Rbf8 29. Nxe5 Bxe5 30. Bd3 Bxa1 31. Qh7+ Kf7 32. Bg6+ Ke7 33. Qxg7+ Kd6 34. Rd1+ Bd4 35. Qxh6 Kc6 36. Be4+ Kd7 37. Bxd4 Rxh6 38. Be5+ Kc8 39. Bxc7 Kxc7 40. Bf3 Rf4 41. Rc1 Rhh4 42. Bg4 Re4 43. g3 Rh6 44. Kf2 Rf6+ 45. Bf3 Rd4 46. Ke3 e5 47. g4 e4 48. Be2 Kc6 49. g5 Rg6 50. h4 Kd6 51. Bh5 Rg8 52. Bf7 Rg7 53. g6 Ke5 54. h5 Rd3+ 55. Ke2 Kf6 56. Rf1+ Kg5 57. Rh1 Kh6 58. Rh4 Rd4 59. Ke3 Rd1 60. Rxe4 Ra1 61. Kf4 Rxa2 62. Re8 Rf2+ 63. Kg3 Rfxf7 64. Rh8+ Rh7 65. gxh7 Rxh7 66. Ra8 b6 67. Kh4 Rd7 68. Rh8+ Kg7 69. Re8 Kf6 70. Rf8+ Ke5 71. Kg5 Kd4 72. Rf4+ Kc3 73. h6 a5 74. Rf6 a4 75. Kg6 a3 76. Rf3+ Kb2 77. Rf2+ Kb3 78. Rf3+ Kb4 79. h7 Rxh7 80. Kxh7 a2 81. Rf1 Kxc4 82. Kg6 Kb3 83. Kf5 c4 84. Ke4 c3 85. Kd3 b5 86. Rc1 b4 87. Ra1 Kb2 88. Rh1 a1Q 0-1

[Event "St Petersburg Blockade op"]
[Site "St Petersburg"]
[Date "2011.01.04"]
[Round "2"]
[White "Penkov, Aleksey"]
[Black "Kholova, Elena"]
[Result "1-0"]
[WhiteElo "1957"]
[BlackElo "1791"]
[PlyCount "129"]
[EventDate "2011.01.03"]
[EventType "swiss"]
[EventRounds "9"]
[EventCountry "RUS"]
[SourceTitle "CBM 140 Extra"]
[Source "ChessBase"]
[SourceDate "2011.03.01"]
[SourceVersion "1"]
[SourceVersionDate "2011.03.01"]
[SourceQuality "1"]

1. d4 Nf6 2. Nc3 d5 3. Bg5 e6 4. e4 dxe4 5. Nxe4 Be7 6. Bxf6 gxf6 7. Nf3 Nd7 8. Bd3 c6 9. c3 Qc7 10. Qd2 b6 11. a4 a5 12. 0-0-0 Bb7 13. Rhe1 0-0-0 14. Qc2 h6 15. g3 f5 16. Ned2 Bg5 17. h4 Bxd2+ 18. Rxd2 c5 19. Ne5 Nxe5 20. dxe5 c4 21. Bf1 Be4 22. Rxd8+ Rxd8 23. Rxe4 fxe4 24. Qxe4 Rd5 25. Bxc4 Rxe5 26. Qa8+ Qb8 27. Ba6+ Kc7 28. Qf3 Rf5 29. Qe4 Kd7 30. f4 Qd6 31. Qb7+ Ke8 32. Qc8+ Ke7 33. Bb5 Qd8 34. Qb7+ Kf8 35. Qf3 Qd5 36. Qe2 Qc5 37. Kc2 Rd5 38. g4 Qd6 39. Qe3 Qc5 40. Qg3 Rd6 41. g5 hxg5 42. fxg5 Qd5 43. Bd3 e5 44. Qe3 e4 45. Qxe4 Qxe4 46. Bxe4 Re6 47. Kd3 Ke7 48. Kd4 Kd6 49. b4 axb4 50. cxb4 Re8 51. a5 bxa5 52. bxa5 Re5 53. a6 Ra5 54. Bd3 Ra4+ 55. Bc4 Ke7 56. Kc5 Kf8 57. h5 Kg7 58. Kb5 Ra1 59. Kb6 f6 60. g6 Kh6 61. a7 f5 62. Ba6 Rb1+ 63. Kc5 Rc1+ 64. Kb4 Rb1+ 65. Kc3 1-0

[Event "St Petersburg White Nights op"]
[Site "St Petersburg"]
[Date "2010.06.19"]
[Round "4"]
[White "Tarasov, Ilya"]
[Black "Kholova, Elena"]
[Result "1-0"]
[WhiteElo "1880"]
[BlackElo "1734"]
[PlyCount "103"]
[EventDate "2010.06.16"]
[EventType "swiss"]
[EventRounds "9"]
[EventCountry "RUS"]
[SourceTitle "EXT 2011"]
[Source "ChessBase"]
[SourceDate "2010.11.26"]
[SourceVersion "1"]
[SourceVersionDate "2010.11.26"]
[SourceQuality "1"]

1. d4 d5 2. c4 e6 3. Nc3 Nf6 4. cxd5 exd5 5. Bg5 Be7 6. e3 0-0 7. Bd3 Nbd7 8. Nf3 Re8 9. Qc2 Nf8 10. 0-0 c6 11. Rab1 Ne4 12. Bxe7 Qxe7 13. b4 b5 14. Ne5 Bb7 15. a4 Nxc3 16. Qxc3 Rec8 17. Bf5 Rc7 18. Rfc1 bxa4 19. Qa3 f6 20. Nd3 Ba6 21. Nc5 Bb5 22. Bc2 a5 23. Bxa4 axb4 24. Qxb4 Bxa4 25. Nxa4 Qxb4 26. Rxb4 Rca7 27. Nc5 Nd7 28. Nd3 Ra3 29. Nf4 Ra1 30. Rbb1 Rxb1 31. Rxb1 Rb8 32. Rc1 Kf7 33. g3 Rc8 34. Nxd5 Ke6 35. Nf4+ Kd6 36. Kg2 f5 37. Kf3 Nf6 38. Nd3 Nd5 39. Nc5 g5 40. Ra1 g4+ 41. Kg2 h5 42. Ra7 Nc7 43. Nd3 Rh8 44. h3 h4 45. gxh4 Rxh4 46. hxg4 Rxg4+ 47. Kf3 Ne6 48. Ne5 Ng5+ 49. Ke2 Rg2 50. Rg7 Ke6 51. Rg6+ Kd5 52. Kf1 1-0

[Event "St Petersburg Blokadny op"]
[Site "St Petersburg"]
[Date "2010.01.05"]
[Round "3"]
[White "Kholova, Elena"]
[Black "Majkov, Konstantin"]
[Result "0-1"]
[WhiteElo "1775"]
[BlackElo "1969"]
[PlyCount "56"]
[EventDate "2010.01.03"]
[EventType "swiss"]
[EventRounds "9"]
[EventCountry "RUS"]
[SourceTitle "CBM 134 Extra"]
[Source "ChessBase"]
[SourceDate "2010.03.03"]
[SourceVersion "1"]
[SourceVersionDate "2010.03.03"]
[SourceQuality "1"]

1. d4 d5 2. c4 c6 3. Nc3 dxc4 4. e3 b5 5. a4 b4 6. Na2 e6 7. Bxc4 Nf6 8. Bd2 a5 9. Nf3 Be7 10. Nc1 Nbd7 11. Nd3 c5 12. Qc2 cxd4 13. Nxd4 Bb7 14. f3 0-0 15. Rc1 Qb6 16. b3 Rac8 17. Qb2 Nd5 18. e4 Bf6 19. exd5 Bxd4 20. Qb1 exd5 21. Bb5 Nf6 22. Ke2 Qe6+ 23. Kd1 Rxc1+ 24. Nxc1 Qd6 25. Ne2 Bb6 26. Bf4 Qc5 27. Rf1 d4 28. Kd2 Nd5 0-1

[Event "EU-ch U14 Girls 19th"]
[Site "Fermo"]
[Date "2009.09.07"]
[Round "7"]
[White "Bauer, Valentina"]
[Black "Kholova, Elena"]
[Result "1/2-1/2"]
[WhiteElo "1665"]
[BlackElo "1828"]
[PlyCount "51"]
[EventDate "2009.08.31"]
[EventType "swiss"]
[EventRounds "9"]
[EventCountry "ITA"]
[SourceTitle "CBM 132 Extra"]
[Source "ChessBase"]
[SourceDate "2009.11.03"]
[SourceVersion "1"]
[SourceVersionDate "2009.11.03"]
[SourceQuality "1"]

1. e4 c6 2. d4 d5 3. exd5 cxd5 4. Bd3 Nc6 5. c3 Nf6 6. Bf4 Bg4 7. Qc2 e6 8. Nd2 Bd6 9. Bxd6 Qxd6 10. h3 Bh5 11. Ngf3 Bg6 12. 0-0 Nh5 13. Rfe1 Nf4 14. Bxg6 hxg6 15. Ne5 g5 16. Ndf3 Nxe5 17. Nxe5 Rh6 18. Qa4+ Ke7 19. Re3 f6 20. Ng4 Rh4 21. Rae1 Qb6 22. Qb3 Qxb3 23. axb3 Rah8 24. f3 f5 25. Nf2 R4h6 26. Re5 1/2-1/2

[Event "EU-ch U14 Girls 19th"]
[Site "Fermo"]
[Date "2009.09.06"]
[Round "6"]
[White "Kholova, Elena"]
[Black "Ivekovic, Tihana"]
[Result "1/2-1/2"]
[WhiteElo "1828"]
[BlackElo "1806"]
[PlyCount "76"]
[EventDate "2009.08.31"]
[EventType "swiss"]
[EventRounds "9"]
[EventCountry "ITA"]
[SourceTitle "CBM 132 Extra"]
[Source "ChessBase"]
[SourceDate "2009.11.03"]
[SourceVersion "1"]
[SourceVersionDate "2009.11.03"]
[SourceQuality "1"]

1. d4 Nf6 2. c4 e6 3. g3 d5 4. Nf3 Bb4+ 5. Bd2 Bxd2+ 6. Qxd2 Ne4 7. Qc2 0-0 8. Nc3 Nxc3 9. Qxc3 Nd7 10. Rc1 c6 11. Bg2 f5 12. 0-0 dxc4 13. Qxc4 Nb6 14. Qc5 Nd5 15. Ne5 f4 16. b4 Bd7 17. b5 fxg3 18. hxg3 Rf6 19. Nxd7 Qxd7 20. bxc6 bxc6 21. Qxc6 Qxc6 22. Rxc6 Raf8 23. Bxd5 exd5 24. Rxf6 Rxf6 25. Rc1 Ra6 26. Rc2 Kf7 27. f3 Ra4 28. Kf2 Kf6 29. e3 h5 30. Rd2 Kf5 31. Re2 Kf6 32. Ke1 g5 33. Rc2 Ra3 34. Re2 Ra4 35. Kd1 Kg6 36. Kc1 Ra3 37. Kb2 Rd3 38. Kc2 Ra3 1/2-1/2